[Event "CRO-chT2 Center 25th"]
[Site "Croatia"]
[Date "2016.10.23"]
[Round "9.34"]
[White "Vernacki, Srdjan"]
[Black "Colakic, Tomislav"]
[Result "1-0"]
[WhiteElo "2316"]
[BlackElo "1991"]
[PlyCount "41"]
[EventDate "2016.03.13"]
[EventType "team-tourn"]
[EventRounds "11"]
[EventCountry "CRO"]
[SourceTitle "EXT 2019"]
[Source "ChessBase"]
[SourceDate "2018.10.10"]
[SourceVersion "1"]
[SourceVersionDate "2018.10.10"]
[SourceQuality "1"]

1. e4 c5 2. Nf3 e6 3. d3 Nc6 4. g3 d6 5. Bg2 Be7 6. 0-0 e5 7. c3 f5 8. a3 a5 9. Re1 h5 10. a4 h4 11. Na3 g5 12. exf5 hxg3 13. fxg3 Bxf5 14. Qe2 g4 15. Nd2 Nh6 16. Nb5 d5 17. Bxd5 Rc8 18. Be4 Qd7 19. Nc4 Nf7 20. Rf1 Bxe4 21. dxe4 1-0

[Event "Zagreb op-A"]
[Site "Zagreb"]
[Date "2013.02.25"]
[Round "1"]
[White "Sulava, Nenad"]
[Black "Colakic, Tomislav"]
[Result "1-0"]
[WhiteElo "2481"]
[BlackElo "2000"]
[PlyCount "63"]
[EventDate "2013.02.25"]
[EventType "swiss"]
[EventRounds "9"]
[EventCountry "CRO"]
[SourceTitle "EXT 2016"]
[Source "ChessBase"]
[SourceDate "2015.10.08"]
[SourceVersion "1"]
[SourceVersionDate "2015.10.08"]
[SourceQuality "1"]

1. d4 d5 2. c4 e5 3. dxe5 d4 4. Nf3 Nc6 5. a3 Be6 6. Nbd2 Qd7 7. b4 f6 8. exf6 gxf6 9. Bb2 0-0-0 10. b5 Ne5 11. Nxd4 Bg4 12. Qc2 Bh6 13. e3 Ne7 14. c5 c6 15. Nc4 Qd5 16. Nd6+ Kb8 17. Rb1 Rxd6 18. cxd6 Qxd6 19. bxc6 N7xc6 20. Nxc6+ Nxc6 21. Be2 Qd5 22. e4 Qg5 23. Bxg4 Qxg4 24. 0-0 Rg8 25. g3 Qe6 26. Rfd1 Rc8 27. Qc3 Rd8 28. Qf3 Rf8 29. Qf5 Qa2 30. Qxh7 Bd2 31. Be5+ Nxe5 32. Qxb7# 1-0

[Event "Zagreb op-B"]
[Site "Zagreb"]
[Date "2011.04.11"]
[Round "1"]
[White "Colakic, Tomislav"]
[Black "Savic, Miroslav"]
[Result "0-1"]
[WhiteElo "1999"]
[BlackElo "2260"]
[PlyCount "102"]
[EventDate "2011.04.11"]
[EventType "swiss"]
[EventRounds "9"]
[EventCountry "CRO"]
[SourceTitle "CBM 141 Extra"]
[Source "ChessBase"]
[SourceDate "2011.05.03"]
[SourceVersion "1"]
[SourceVersionDate "2011.05.03"]
[SourceQuality "1"]

1. c4 e5 2. e3 Nc6 3. a3 g6 4. b4 Bg7 5. Bb2 d6 6. Qc2 Nf6 7. d3 0-0 8. Nd2 a5 9. b5 Ne7 10. Be2 Nd7 11. f4 Nf5 12. Nf1 exf4 13. Bxg7 Kxg7 14. exf4 Qf6 15. Ra2 Nd4 16. Qb2 Re8 17. Ng3 Nc5 18. Kd1 Nxe2 19. Qxf6+ Kxf6 20. N1xe2 Nxd3 21. Rf1 Bg4 22. Kd2 Bxe2 23. Nxe2 Nc5 24. Rc2 Re7 25. Nc3 Ne4+ 26. Nxe4+ Rxe4 27. Rf3 Rae8 28. Kd3 b6 29. Rcf2 h5 30. g3 Re1 31. Rc2 Ra1 32. Kd4 Rd1+ 33. Rd3 Ree1 34. Rcc3 Ke6 35. Rxd1 Rxd1+ 36. Ke4 f5+ 37. Ke3 a4 38. Ke2 Ra1 39. Re3+ Kd7 40. h3 Ra2+ 41. Kf3 Rh2 42. h4 Rb2 43. Rd3 Rb3 44. Ke3 d5 45. Kd4 Kd6 46. Rc3 Rxc3 47. Kxc3 Kc5 48. cxd5 Kxd5 49. Kd3 Kc5 50. Kc3 Kxb5 51. Kd4 Kc6 0-1

[Event "CRO-chT3 Center-A"]
[Site "Zagreb"]
[Date "2011.03.13"]
[Round "1.16"]
[White "Colakic, Tomislav"]
[Black "Krklec, Josip"]
[Result "0-1"]
[WhiteElo "1999"]
[BlackElo "2116"]
[PlyCount "86"]
[EventDate "2011.03.13"]
[EventType "team-tourn"]
[EventRounds "11"]
[EventCountry "CRO"]
[SourceTitle "EXT 2014"]
[Source "ChessBase"]
[SourceDate "2013.11.20"]
[SourceVersion "1"]
[SourceVersionDate "2013.11.20"]
[SourceQuality "1"]

1. c4 Nf6 2. Nf3 g6 3. Nc3 d5 4. e3 Bg7 5. cxd5 Nxd5 6. d4 0-0 7. Qb3 Nxc3 8. bxc3 Nd7 9. Ba3 Re8 10. Bc4 e6 11. 0-0 Nb6 12. Be2 Bd7 13. c4 Ba4 14. Qb4 a5 15. Qb2 Rb8 16. Qc3 Ra8 17. Rab1 Bc6 18. Rfd1 Ba4 19. Rd2 Qc8 20. c5 Nd5 21. Qc4 Bc6 22. e4 Nf6 23. Bd3 Nxe4 24. Re2 Nf6 25. Ne5 Bd5 26. Qa4 Rd8 27. Bc4 Be4 28. Rbe1 Rxd4 29. Bb2 Rxc4 30. Qxc4 Bd5 31. Qf4 Qf8 32. Bd4 Rd8 33. g4 Qe7 34. Nd3 Bc6 35. Ne5 Bd5 36. a3 h6 37. h4 Nh7 38. Re3 g5 39. hxg5 Nxg5 40. Bc3 Qxc5 41. Bd4 Qc2 42. Nd3 Bf3 43. Rxf3 Rxd4 0-1

[Event "CRO-chT3A Center"]
[Site "Zagreb"]
[Date "2010.10.24"]
[Round "8.45"]
[White "Mesaric, Darko"]
[Black "Colakic, Tomislav"]
[Result "0-1"]
[WhiteElo "2045"]
[BlackElo "1990"]
[PlyCount "118"]
[EventDate "2010.03.21"]
[EventType "team-tourn"]
[EventRounds "11"]
[EventCountry "CRO"]
[SourceTitle "EXT 2012"]
[Source "ChessBase"]
[SourceDate "2011.11.24"]
[SourceVersion "1"]
[SourceVersionDate "2011.11.24"]
[SourceQuality "1"]

1. d4 d5 2. Nf3 c5 3. c3 e6 4. Bf4 Nc6 5. e3 Nf6 6. Nbd2 Bd6 7. Ne5 0-0 8. Bg3 Ne7 9. Bd3 c4 10. Bc2 b5 11. a3 a5 12. h4 Nf5 13. Bf4 Bxe5 14. dxe5 Nd7 15. g4 Ne7 16. g5 Bb7 17. Qh5 g6 18. Qg4 d4 19. Be4 dxc3 20. bxc3 Qc7 21. Bxb7 Qxb7 22. Qh3 Nc5 23. h5 Nd5 24. Qf3 Nxf4 25. exf4 Qxf3 26. Nxf3 Nd3+ 27. Ke2 Nxf4+ 28. Ke3 Nxh5 29. Nd4 Rfd8 30. Rab1 Rab8 31. Nxb5 Rd5 32. Nc7 Rxe5+ 33. Kd4 Rxb1 34. Rxb1 Rxg5 35. Rb8+ Kg7 36. Ne8+ Kf8 37. Nd6+ Ke7 38. Nxc4 Rd5+ 39. Ke3 Nf6 40. Ra8 Ng4+ 41. Kf3 Ne5+ 42. Nxe5 Rxe5 43. Kf4 Rc5 44. Ke4 h5 45. Kd4 Rd5+ 46. Ke3 h4 47. Ra7+ Kf6 48. c4 Re5+ 49. Kf4 Rc5 50. Kf3 Rg5 51. Ra8 h3 52. Rh8 Rh5 53. Rxh5 gxh5 54. Kg3 Ke5 55. Kxh3 Kd4 56. Kh4 Kxc4 57. Kxh5 f5 58. Kg5 a4 59. Kf4 Kb3 0-1

[Event "Velika Gorica op 9th"]
[Site "Velika Gorica"]
[Date "2010.08.31"]
[Round "9"]
[White "Colakic, Tomislav"]
[Black "Blazeka, Matej"]
[Result "0-1"]
[WhiteElo "1990"]
[BlackElo "2134"]
[PlyCount "126"]
[EventDate "2010.08.23"]
[EventType "swiss"]
[EventRounds "9"]
[EventCountry "CRO"]
[SourceTitle "CBM 138 Extra"]
[Source "ChessBase"]
[SourceDate "2010.10.29"]
[SourceVersion "1"]
[SourceVersionDate "2010.10.29"]
[SourceQuality "1"]

1. c4 Nf6 2. Nf3 g6 3. d4 Bg7 4. Nc3 d6 5. e4 0-0 6. Be2 e5 7. Bg5 Nbd7 8. Qd2 c6 9. Bh6 Re8 10. Bxg7 Kxg7 11. h4 Nh5 12. 0-0-0 Qe7 13. g4 Nf4 14. g5 Rh8 15. h5 h6 16. gxh6+ Rxh6 17. Nh4 Nf6 18. hxg6 fxg6 19. Rdg1 Rxh4 20. Rxh4 Nxe4 21. Rh7+ Kxh7 22. Nxe4 Bf5 23. Ng5+ Kg7 24. Qe3 Re8 25. Bf1 exd4 26. Qxd4+ Qe5 27. Nf3 Qxd4 28. Nxd4 Kf6 29. Kd2 Re4 30. Nc2 d5 31. cxd5 cxd5 32. Rg3 Ra4 33. Na3 Rd4+ 34. Kc1 Nd3+ 35. Bxd3 Rxd3 36. Rxd3 Bxd3 37. Kd2 Ba6 38. Nc2 Ke5 39. Ke3 g5 40. Nd4 g4 41. a3 Bf1 42. Nc2 Bg2 43. Nd4 Be4 44. Ne2 Bf3 45. Nd4 Bd1 46. b4 Ba4 47. Ne2 Bb3 48. Nd4 Bd1 49. Nb5 a6 50. Nd4 Ba4 51. Ne2 Bb3 52. Nd4 Bd1 53. b5 a5 54. b6 Kd6 55. Kf4 Kc5 56. Ke5 Bf3 57. Ne6+ Kxb6 58. Nd8 Kc7 59. Ne6+ Kc6 60. Nd8+ Kb5 61. Nxb7 d4 62. a4+ Kc4 63. Nxa5+ Kc3 0-1

[Event "Zagreb op-B"]
[Site "Zagreb"]
[Date "2009.03.29"]
[Round "9"]
[White "Gabre, Zeljko"]
[Black "Colakic, Tomislav"]
[Result "1-0"]
[WhiteElo "2145"]
[BlackElo "2027"]
[PlyCount "105"]
[EventDate "2009.03.21"]
[EventType "swiss"]
[EventRounds "9"]
[EventCountry "CRO"]
[SourceTitle "CBM 129 Extra"]
[Source "ChessBase"]
[SourceDate "2009.05.05"]
[SourceVersion "2"]
[SourceVersionDate "2009.05.20"]
[SourceQuality "1"]

1. e4 c5 2. Nf3 e6 3. c3 d5 4. e5 Nc6 5. d4 Nge7 6. a3 Qb6 7. b4 cxd4 8. cxd4 Nf5 9. Be3 Nxe3 10. fxe3 Be7 11. Bd3 f5 12. 0-0 0-0 13. Nc3 Qd8 14. Rc1 Bd7 15. Na4 b6 16. Nc3 Qe8 17. Ne2 g5 18. Rc3 Nd8 19. Qc2 Nf7 20. Rc1 Ba4 21. Qb2 Bd7 22. a4 a6 23. a5 b5 24. Rc7 Bd8 25. R7c3 Nh6 26. Qd2 Kh8 27. Qe1 Ng4 28. Ng3 Nh6 29. Rb1 Rg8 30. Nf1 Be7 31. N3d2 Rc8 32. Nb3 Rxc3 33. Qxc3 Ng4 34. Be2 h5 35. Nc1 Nh6 36. Nd3 h4 37. Rc1 f4 38. Qc7 Nf5 39. Bg4 Nxe3 40. Nxe3 fxe3 41. Qa7 Rg7 42. Qxa6 Qg6 43. Be2 g4 44. Qb7 h3 45. Qxd7 Qe4 46. Qe8+ Kh7 47. Qh5+ Kg8 48. Ne1 Qxd4 49. Qe8+ Kh7 50. Bd3+ Kh6 51. Qh8+ Kg5 52. Qxg7+ Kf4 53. g3# 1-0

[Event "CRO-chT3"]
[Site "Zagreb"]
[Date "2009.03.15"]
[Round "2"]
[White "Maslac, Zvonimir"]
[Black "Colakic, Tomislav"]
[Result "1-0"]
[WhiteElo "2091"]
[BlackElo "2026"]
[PlyCount "35"]
[EventDate "2009.03.08"]
[EventType "team-tourn"]
[EventRounds "9"]
[EventCountry "CRO"]
[SourceTitle "EXT 2011"]
[Source "ChessBase"]
[SourceDate "2010.11.26"]
[SourceVersion "1"]
[SourceVersionDate "2010.11.26"]
[SourceQuality "1"]

1. e4 c5 2. Nf3 e6 3. c3 d6 4. d4 cxd4 5. cxd4 Nf6 6. Nc3 a6 7. Bd3 Be7 8. 0-0 0-0 9. Qe2 b5 10. e5 Ne8 11. Qe4 f5 12. exf6 Nxf6 13. Qxa8 Qb6 14. d5 Bb7 15. Be3 Qc7 16. Qa7 b4 17. Nb5 axb5 18. Rac1 1-0

[Event "CRO-chT3"]
[Site "Zagreb"]
[Date "2009.03.08"]
[Round "1"]
[White "Colakic, Tomislav"]
[Black "Mesaric, Darko"]
[Result "0-1"]
[WhiteElo "2026"]
[BlackElo "2084"]
[PlyCount "92"]
[EventDate "2009.03.08"]
[EventType "team-tourn"]
[EventRounds "9"]
[EventCountry "CRO"]
[SourceTitle "EXT 2011"]
[Source "ChessBase"]
[SourceDate "2010.11.26"]
[SourceVersion "1"]
[SourceVersionDate "2010.11.26"]
[SourceQuality "1"]

1. c4 Nf6 2. d4 g6 3. Nc3 Bg7 4. e4 d6 5. f4 c5 6. d5 0-0 7. Nf3 a6 8. Bd3 e6 9. 0-0 exd5 10. Nxd5 Nc6 11. a3 Re8 12. Nxf6+ Qxf6 13. Rb1 Nd4 14. h3 b5 15. Be3 Nxf3+ 16. Qxf3 Bd7 17. Kh1 Bc6 18. cxb5 axb5 19. Bd2 Qe7 20. Rfe1 Ra4 21. Qd1 Qb7 22. Bc2 Rd4 23. Qc1 Bxe4 24. Bc3 Rc4 25. Bb3 Bxg2+ 26. Kh2 Rce4 27. Qd2 Rxe1 28. Rxe1 Rxe1 29. Qxe1 Be4 30. Bxg7 Kxg7 31. Qd2 Qe7 32. Qe3 f5 33. Bd5 Qf6 34. Bxe4 fxe4 35. Qxe4 Qxb2+ 36. Kh1 Kf6 37. Qf3 Qd4 38. Kg2 c4 39. Qg4 Qe4+ 40. Kf2 c3 41. Qg5+ Kf7 42. Qh6 c2 43. Qxh7+ Ke6 44. Qg8+ Kd7 45. Qg7+ Kc6 46. Qb2 Qxf4+ 0-1